Обработка ресурсов узлов в распределенных вычислительных системах; Информационные технологии в науке, управлении, социальной сфере и медицине; Ч. 1
| Parent link: | Информационные технологии в науке, управлении, социальной сфере и медицине: сборник научных трудов III Международной научной конференции, 23-26 мая 2016 г., Томск.— , 2016 Ч. 1.— 2016.— [С. 732-734] |
|---|---|
| Hlavní autor: | |
| Korporativní autor: | |
| Další autoři: | , |
| Shrnutí: | Заглавие с титульного экрана The described program is designed for collecting, storing and processing data of distributed file system. |
| Jazyk: | ruština |
| Vydáno: |
2016
|
| Edice: | Информационные технологии в телекоммуникационных и облачных вычислениях |
| Témata: | |
| On-line přístup: | http://earchive.tpu.ru/handle/11683/31401 |
| Médium: | MixedMaterials Elektronický zdroj Kapitola |
| KOHA link: | https://koha.lib.tpu.ru/cgi-bin/koha/opac-detail.pl?biblionumber=619585 |
MARC
| LEADER | 00000naa2a2200000 4500 | ||
|---|---|---|---|
| 001 | 619585 | ||
| 005 | 20240123142556.0 | ||
| 035 | |a (RuTPU)RU\TPU\conf\18021 | ||
| 035 | |a RU\TPU\conf\18019 | ||
| 090 | |a 619585 | ||
| 100 | |a 20160824d2016 k y0rusy50 ca | ||
| 101 | 0 | |a rus | |
| 102 | |a RU | ||
| 105 | |a y z 101zy | ||
| 135 | |a drcn ---uucaa | ||
| 181 | 0 | |a i | |
| 182 | 0 | |a b | |
| 200 | 1 | |a Обработка ресурсов узлов в распределенных вычислительных системах |d Processing unit resources in a distributed computing systems |f А. А. Пилецкий, А. Ж. Нанзатов, И. А. Ботыгин | |
| 203 | |a Текст |c электронный | ||
| 225 | 1 | |a Информационные технологии в телекоммуникационных и облачных вычислениях | |
| 300 | |a Заглавие с титульного экрана | ||
| 320 | |a [Библиогр.: с. 734 (3 назв.)] | ||
| 330 | |a The described program is designed for collecting, storing and processing data of distributed file system. | ||
| 461 | 1 | |0 (RuTPU)RU\TPU\conf\17281 |t Информационные технологии в науке, управлении, социальной сфере и медицине |o сборник научных трудов III Международной научной конференции, 23-26 мая 2016 г., Томск |o в 2 ч. |d 2016 | |
| 463 | 1 | |0 (RuTPU)RU\TPU\conf\17283 |t Ч. 1 |f Национальный исследовательский Томский политехнический университет (ТПУ) ; ред. кол. О. Г. Берестнева ; О. М. Гергет ; Т. А. Гладкова |v [С. 732-734] |d 2016 | |
| 510 | 1 | |a Processing unit resources in a distributed computing systems |z eng | |
| 610 | 1 | |a труды учёных ТПУ | |
| 610 | 1 | |a электронный ресурс | |
| 610 | 1 | |a файловые системы | |
| 610 | 1 | |a вычислительные системы | |
| 610 | 1 | |a коммуникационные сети | |
| 610 | 1 | |a информационные ресурсы | |
| 610 | 1 | |a GRID-технологии | |
| 700 | 1 | |a Пилецкий |b А. А. | |
| 701 | 1 | |a Нанзатов |b А. Ж. | |
| 701 | 1 | |a Ботыгин |b И. А. |c специалист в области информатики и вычислительной техники |c доцент Томского политехнического университета, кандидат технических наук |f 1947- |g Игорь Александрович |3 (RuTPU)RU\TPU\pers\25190 |9 11270 | |
| 712 | 0 | 2 | |a Национальный исследовательский Томский политехнический университет (ТПУ) |b Институт кибернетики (ИК) |b Кафедра информатики и проектирования систем (ИПС) |3 (RuTPU)RU\TPU\col\18697 |
| 801 | 2 | |a RU |b 63413507 |c 20160912 |g RCR | |
| 856 | 4 | |u http://earchive.tpu.ru/handle/11683/31401 | |
| 942 | |c BK | ||